[Event "World Amateur-ch U2000"]
[Site "Cagliari"]
[Date "2018.04.29"]
[Round "9"]
[White "Giordano, Enrico"]
[Black "Alem, Ali Hussien"]
[Result "0-1"]
[WhiteElo "1798"]
[BlackElo "1745"]
[PlyCount "70"]
[EventDate "2018.04.22"]
[EventType "swiss"]
[EventRounds "9"]
[EventCountry "ITA"]
[SourceTitle "CBM 184 Extra"]
[Source "ChessBase"]
[SourceDate "2018.06.28"]
[SourceVersion "1"]
[SourceVersionDate "2018.06.28"]
[SourceQuality "1"]

1. d4 Nf6 2. Bf4 g6 3. Nf3 Bg7 4. e3 0-0 5. Nbd2 d6 6. Bd3 Nbd7 7. c3 Nh5 8. Bg5 Qe8 9. g4 Nhf6 10. Bxf6 Nxf6 11. g5 Nd7 12. h4 e5 13. h5 exd4 14. cxd4 c5 15. hxg6 hxg6 16. Qb3 Qe7 17. Bxg6 Re8 18. 0-0-0 Nf8 19. Bc2 cxd4 20. exd4 Be6 21. d5 Bg4 22. Rh4 Qd7 23. Rdh1 Bf5 24. Ne4 Rac8 25. Kd1 Ng6 26. Nf6+ Bxf6 27. Bxf5 Qxf5 28. gxf6 Nxh4 29. Rxh4 Qxf6 30. Qd3 Qxb2 31. Qh7+ Kf8 32. Qh6+ Ke7 33. Qg5+ Kd7 34. Qf5+ Kd8 35. Qg5+ f6 0-1

[Event "World Amateur-ch U2000"]
[Site "Cagliari"]
[Date "2018.04.25"]
[Round "5"]
[White "Alem, Ali Hussien"]
[Black "Frankental, David"]
[Result "0-1"]
[WhiteElo "1745"]
[BlackElo "1957"]
[PlyCount "72"]
[EventDate "2018.04.22"]
[EventType "swiss"]
[EventRounds "9"]
[EventCountry "ITA"]
[SourceTitle "CBM 184 Extra"]
[Source "ChessBase"]
[SourceDate "2018.06.28"]
[SourceVersion "1"]
[SourceVersionDate "2018.06.28"]
[SourceQuality "1"]

1. Nf3 Nf6 2. g3 b6 3. Bg2 Bb7 4. 0-0 g6 5. d3 Bg7 6. Nbd2 0-0 7. e4 c5 8. a4 Nc6 9. c3 d5 10. exd5 Nxd5 11. Ne4 Qd7 12. Re1 Rfd8 13. Qb3 Nf6 14. Neg5 Nd5 15. Bh3 Na5 16. Qa2 Qc6 17. Rxe7 Nxe7 18. Qxf7+ Kh8 19. Qxe7 Re8 20. Qd7 Re1+ 21. Kg2 Qxd7 22. Bxd7 Nb3 23. Bf4 Nxa1 24. Be3 Rf8 25. Ne6 Rxf3 26. Kh3 Nc2 27. Bd2 Rxe6 28. Bxe6 Bc6 29. b3 Rxf2 30. Bf4 Rxf4 31. gxf4 Bxc3 32. Kg4 Kg7 33. f5 Nd4 34. f6+ Kxf6 35. Bg8 Ne6 36. h4 Be8 0-1

[Event "Wch Blitz"]
[Site "Riadh"]
[Date "2017.12.30"]
[Round "14"]
[White "Alem, Ali Hussien"]
[Black "Alanazy, Mohammed"]
[Result "0-1"]
[WhiteElo "1745"]
[BlackElo "1850"]
[PlyCount "54"]
[EventDate "2017.12.29"]
[EventType "swiss (blitz)"]
[EventRounds "21"]
[EventCountry "SAU"]
[SourceTitle "CBM 182 Extra"]
[Source "ChessBase"]
[SourceDate "2018.02.23"]
[SourceVersion "1"]
[SourceVersionDate "2018.02.23"]
[SourceQuality "1"]

1. Nf3 Nf6 2. g3 d5 3. d3 c6 4. Bg2 Bf5 5. 0-0 Nbd7 6. Nbd2 e5 7. e4 dxe4 8. Nxe4 Bxe4 9. dxe4 Nc5 10. Qxd8+ Rxd8 11. Nxe5 Bd6 12. Nc4 Bc7 13. Bg5 0-0 14. e5 h6 15. Bxf6 gxf6 16. exf6 Rd4 17. Ne3 Be5 18. c3 Rd2 19. Nc4 Re2 20. Bf3 Rxb2 21. Nxb2 Bxc3 22. Rab1 Bxf6 23. Rfc1 Ne6 24. Nc4 b5 25. Nd6 c5 26. Rxb5 Nd4 27. Rbxc5 Nxf3+ 0-1

[Event "Wch Blitz"]
[Site "Riadh"]
[Date "2017.12.30"]
[Round "19"]
[White "Masrahi, Abdulrahman A"]
[Black "Alem, Ali Hussien"]
[Result "1-0"]
[WhiteElo "1962"]
[BlackElo "1745"]
[PlyCount "31"]
[EventDate "2017.12.29"]
[EventType "swiss (blitz)"]
[EventRounds "21"]
[EventCountry "SAU"]
[SourceTitle "CBM 182 Extra"]
[Source "ChessBase"]
[SourceDate "2018.02.23"]
[SourceVersion "1"]
[SourceVersionDate "2018.02.23"]
[SourceQuality "1"]

1. d4 Nf6 2. Nf3 g6 3. Bf4 Bg7 4. h3 0-0 5. e3 d6 6. Be2 Nfd7 7. 0-0 e5 8. Bh2 f5 9. c4 e4 10. Nfd2 Nc6 11. Nc3 g5 12. c5 d5 13. Nxd5 Nxc5 14. Nxc7 Nd3 15. Nxa8 Nxb2 16. Qb3+ 1-0

[Event "Wch Blitz"]
[Site "Riadh"]
[Date "2017.12.29"]
[Round "6"]
[White "Alem, Ali Hussien"]
[Black "Al Ghamdi, Ahmed M"]
[Result "1-0"]
[WhiteElo "1745"]
[BlackElo "2159"]
[PlyCount "135"]
[EventDate "2017.12.29"]
[EventType "swiss (blitz)"]
[EventRounds "21"]
[EventCountry "SAU"]
[SourceTitle "CBM 182 Extra"]
[Source "ChessBase"]
[SourceDate "2018.02.23"]
[SourceVersion "1"]
[SourceVersionDate "2018.02.23"]
[SourceQuality "1"]

1. d3 d5 2. g3 e5 3. Nd2 Nf6 4. Bg2 Be7 5. e4 0-0 6. exd5 Nxd5 7. Ngf3 Nc6 8. 0-0 Bg4 9. h3 Bh5 10. Re1 f6 11. c3 Kh8 12. Qb3 Nb6 13. Ne4 Qxd3 14. Re3 Qc4 15. Qxc4 Nxc4 16. Rd3 Bg6 17. Nh4 Rad8 18. Rxd8 Rxd8 19. b3 Nb6 20. Nxg6+ hxg6 21. Be3 Nd5 22. Bc5 Bxc5 23. Nxc5 Na5 24. Rd1 Rd6 25. Rxd5 Rxd5 26. Bxd5 c6 27. Be6 b6 28. Nd7 Nb7 29. Nb8 Nd8 30. Bd7 c5 31. Nc6 Nf7 32. Nxa7 e4 33. Kg2 Ne5 34. Be6 Nd3 35. Nc8 b5 36. Bd7 b4 37. c4 Nc1 38. Bb5 Nxa2 39. Ne7 Nc1 40. Ba4 Nd3 41. Nd5 Kg8 42. Ne7+ Kf7 43. Nc8 Ke6 44. Nb6 Kd6 45. Be8 Nc1 46. Ba4 Nd3 47. Nd5 Ne1+ 48. Kf1 Nd3 49. Ke2 f5 50. f3 Nc1+ 51. Kd1 Nd3 52. fxe4 fxe4 53. Kd2 Nf2 54. Ke3 Nxh3 55. Kxe4 Nf2+ 56. Kf3 Nd3 57. Nf4 Ne5+ 58. Ke4 Ng4 59. Nxg6 Nf6+ 60. Kf5 Nh5 61. g4 Ng3+ 62. Kg5 Ne4+ 63. Kf4 Nf2 64. Nh4 Ke6 65. Nf5 Nd3+ 66. Ke3 Ne5 67. Nxg7+ Kf7 68. Nf5 1-0

[Event "Wch Rapid"]
[Site "Riadh"]
[Date "2017.12.26"]
[Round "2"]
[White "Khenkin, Igor"]
[Black "Alem, Ali Hussien"]
[Result "1-0"]
[WhiteElo "2554"]
[BlackElo "1745"]
[PlyCount "57"]
[EventDate "2017.12.26"]
[EventType "swiss (rapid)"]
[EventRounds "15"]
[EventCountry "SAU"]
[SourceTitle "CBM 182 Extra"]
[Source "ChessBase"]
[SourceDate "2018.02.23"]
[SourceVersion "1"]
[SourceVersionDate "2018.02.23"]
[SourceQuality "1"]

1. d4 d5 2. c4 e6 3. Nf3 Nf6 4. Nc3 Be7 5. Bg5 Nbd7 6. e3 0-0 7. Rc1 c6 8. Bd3 Qa5 9. 0-0 dxc4 10. Bxc4 b5 11. Bd3 Bb7 12. e4 b4 13. Na4 Rac8 14. e5 Nd5 15. Bxe7 Nxe7 16. Bxh7+ Kh8 17. Be4 Ng8 18. Re1 Rc7 19. Nd2 c5 20. Bxb7 Rxb7 21. dxc5 Rc7 22. Nc4 Qa6 23. Nd6 Qc6 24. Rc4 a5 25. Rh4+ Nh6 26. g4 Kg8 27. g5 Nf5 28. Nxf5 exf5 29. Qh5 1-0